| 000 | 01254pam a2200337 a 4500 | ||
|---|---|---|---|
| 001 | 30976 | ||
| 003 | BD-RjUL | ||
| 005 | 20211209051638.0 | ||
| 008 | 140412s1990 enk b 001 0 eng | ||
| 020 | _a0521394430 | ||
| 035 | _a(BD-RjUL)31063 | ||
| 040 |
_aDLC _cDLC _dDLC _beng |
||
| 041 | _aeng | ||
| 082 | 0 | 0 |
_a191 _220 _bGOA 1990 |
| 100 | 1 |
_aGoodman, Russell B. _994138 |
|
| 245 | 1 | 0 |
_aAmerican philosophy and the romantic tradition / _cRussell B. Goodman. |
| 260 |
_aCambridge [England] ; _aNew York : _bCambridge University Press, _c1990. |
||
| 300 |
_axi, 162 p. ; _c24 cm. |
||
| 504 | _aIncludes bibliographical references (p. 130-157) and index. | ||
| 600 | 1 | 0 |
_aEmerson, Ralph Waldo, _d1803-1882 _xPhilosophy. _994145 |
| 600 | 1 | 0 |
_aJames, William, _d1842-1910. _92806 |
| 600 | 1 | 0 |
_aDewey, John, _d1859-1952. _92752 |
| 650 | 0 |
_aPhilosophy, American. _95487 |
|
| 650 | 0 |
_aRomanticism _zUnited States. _994141 |
|
| 856 | 4 | 1 |
_3Table of contents _uhttp://www.loc.gov/catdir/toc/cam041/90036093.html |
| 856 | 4 | 2 |
_3Publisher description _uhttp://www.loc.gov/catdir/description/cam024/90036093.html |
| 942 |
_2ddc _cBK |
||
| 999 |
_c30976 _d30976 |
||